Programa de gobierno: una nueva forma de gobernar. Primera parte: la nueva economía

Shranjeno v:
Bibliografske podrobnosti
Korporativna značnica: Partido Unidad Social-Cristiana (Costa Rica)
Format: Texto
Izdano: San José: El Partido
Teme:
Oznake: Označite
Brez oznak, prvi označite!

MARC

LEADER 00000 a a2200000 04500
001 18085
003
040
090 |a 024900  
110 |a Partido Unidad Social-Cristiana (Costa Rica)  
245 |a Programa de gobierno: una nueva forma de gobernar. Primera parte: la nueva economía  
260 |a San José:   |b El Partido  
300 |a 27 p.  
650 |a ESTRUCTURA ECONOMICA  
650 |a DESARROLLO ECONOMICO  
650 |a POLITICA ECONOMICA  
650 |a ESTADO  
650 |a EMPLEADOS PUBLICOS  
650 |a EMPRESAS PUBLICAS  
650 |a REFORMAS TRIBUTARIAS  
650 |a ASPECTOS FINANCIEROS  
650 |a ASPECTOS SOCIALES  
999 |c 10448  |d 10448